000 004750000a22001690004500
003 MACL
005 20160306153304.0
008 160306b xxu||||| |||| 00| 0 eng d
040 _aMACL
_cMACL
041 _aHindi
082 _a891.433
100 _aरवी श्री
_943658
245 _aपहला कहानीकार
260 _bभारतीय ज्ञानपीठ
_c1954
_aकाशी
650 _aStory
_943659
942 _cHIN
_k891.433
_2ddc
999 _c23474
_d23474